| 000 | 00000nas 2200000za 4500 |
| 001 | 9.835228 |
| 003 | CaOODSP |
| 005 | 20221107150621 |
| 007 | cr ||||||||||| |
| 008 | 170413d19891993oncuu m oss f0###|0eng|d |
| 040 | |aCaOODSP|beng |
| 043 | |an-cn--- |
| 086 | 1 |aCS12-0043E-PDF |
| 130 | 0 |aWorking paper (General Social Survey (Canada)) |
| 245 | 10|aWorking paper |h[electronic resource]. |
| 260 | |a[Ottawa] : |bStatistics Canada, |c1989-1993. |
| 310 | |aIrregular |
| 362 | 1 |aBegan with no. 1 (1989); ceased with no. 11 (1993). |
| 500 | |aIssued also in French under title: Document de travail. |
| 692 | 07|2gccst|aStatistics |
| 710 | 2 |aGeneral Social Survey (Canada) |
| 775 | 08|tDocument de travail |w(CaOODSP)9.835229 |